00750nam a2200193 a 450000100100000000500170001000800410002702000180006804000250008610000300011124500670014126001000020830000350030849000260034350400320036983000330040195201050043499900170053900003386620200930070601.0110914s2008 br ac 000 0 spa d a9788576171478 aDO-SdBNPbspacBNPHU1 aBasthi, Angélica95929110aPelé :bestrela negra em campos verdes /cAngélica Basthi. aRio de Janeiro :bGaramond :bMinistério da Cultura, Fundação Biblioteca Nacional,c2008. a195p. :bil., retrs. ;c23 cm.1 aPersonalidades negras aBibliografía : p. 175-195 0aPersonalidades negras959292 001050718MOaGRbGRcCTd2011-09-14iLF1l0o p33866-10r2020-06-25w2020-06-25y1ZNo se presta c33357d33357